| 000 -LEADER |
| fixed length control field |
00652cam a2200205 a 4500 |
| 020 ## - INTERNATIONAL STANDARD BOOK NUMBER |
| ISBN |
9780415777827 |
| 020 ## - INTERNATIONAL STANDARD BOOK NUMBER |
| ISBN |
0415777828 |
| 020 ## - INTERNATIONAL STANDARD BOOK NUMBER |
| ISBN |
9780203869901 (ebk.) |
| 020 ## - INTERNATIONAL STANDARD BOOK NUMBER |
| ISBN |
0203869907 (ebk.) |
| 040 ## - CATALOGING SOURCE |
| Transcribing agency |
DLC |
| 082 00 - DEWEY DECIMAL CLASSIFICATION NUMBER |
| Classification number |
355 TUN 1993 C152 Or. |
| 100 R# - MAIN ENTRY--AUTHOR NAME |
| Personal name |
Hudson, Natalie Florea. |
| 245 10 - TITLE STATEMENT |
| Title |
Gender, human security and the United Nations : |
| Remainder of title |
security language as a political framework for women / |
| 260 ## - PUBLICATION, DISTRIBUTION, ETC. (IMPRINT) |
| Place of publication |
New York : |
| Name of publisher |
Routledge, |
| Year of publication |
2010. |
| 300 ## - PHYSICAL DESCRIPTION |
| Number of Pages |
xi, 186 p. ; |
| Dimensions |
24 cm. |
| 650 #0 - SUBJECT ADDED ENTRY--TOPICAL TERM |
| Topical Term |
National security |
| 650 #0 - SUBJECT ADDED ENTRY--TOPICAL TERM |
| Topical Term |
Women and peace |
| 856 42 - ELECTRONIC LOCATION AND ACCESS |
| Uniform Resource Identifier |
http://www.loc.gov/catdir/enhancements/fy1102/2009011830-b.html |
| 942 ## - ADDED ENTRY ELEMENTS (KOHA) |
| Koha item type |
ADB |
| 952 ## - LOCATION AND ITEM INFORMATION (KOHA) |
| Withdrawn status [LOCAL, KOHA] |
0 |